000 00442nam a2200169Ia 4500
008 221220s9999 xx 000 0 und d
020 _a978-93-534-3744-2
041 _aEnglish
100 _aA. C. Fernanda
245 0 _aBusiness Ethics 3rd Ed.
_cby A. C. Fernanda, K. P. Muraleedharan
250 _a3rd
260 _bPearson
_aIndia
_c2020
300 _a588
650 _aBE Computer
700 _aK. P. Muraleedharan
942 _2DDC
_cBK
999 _c19158
_d19158